[Event "Liptovsky Jan op"]
[Site "Liptovsky Jan"]
[Date "2022.06.24"]
[Round "3.9"]
[White "Janousek, Petr"]
[Black "Gajdosik, Marian"]
[Result "1-0"]
[WhiteElo "2099"]
[BlackElo "1902"]
[PlyCount "97"]
[EventDate "2022.06.23"]
[EventType "swiss"]
[EventRounds "7"]
[EventCountry "SVK"]
[SourceTitle "CBM 209 Extra"]
[Source "ChessBase"]
[SourceDate "2022.09.30"]
[SourceVersion "1"]
[SourceVersionDate "2022.09.30"]
[SourceQuality "1"]

1. e4 e5 2. Nf3 d6 3. d4 Nd7 4. Bc4 Qe7 5. 0-0 h6 6. b3 Qf6 7. Bb2 Ne7 8. Na3 c6 9. Be2 Ng6 10. Nc4 Be7 11. a4 0-0 12. Re1 Rd8 13. Bf1 Nb6 14. Ne3 a5 15. Qd2 Be6 16. c4 c5 17. d5 Bd7 18. Bc3 Nc8 19. Bxa5 b6 20. Bc3 Nf4 21. Rad1 Qg6 22. Nf5 Bxf5 23. exf5 Qxf5 24. Qe3 Bg5 25. Nxg5 Qxg5 26. Bd2 Qf6 27. g3 Ng6 28. Bc3 Qg5 29. Qe2 Nce7 30. Bd2 Qf6 31. Bh3 Nf5 32. Bxf5 Qxf5 33. Bc3 Ra7 34. Rd3 Re7 35. Re3 Rde8 36. Kg2 h5 37. Rf3 Qg4 38. Kh1 h4 39. Re3 Qg5 40. Bd2 Qf5 41. Re4 Kh7 42. gxh4 Nf4 43. Bxf4 exf4 44. Rxe7 Rxe7 45. Qxe7 Qh3 46. Qe4+ g6 47. Qxf4 Qc3 48. Qxf7+ Kh6 49. Qf4+ 1-0

[Event "Liptovsky Jan op"]
[Site "Liptovsky Jan"]
[Date "2022.06.23"]
[Round "1.12"]
[White "Janousek, Petr"]
[Black "Bohacek, Ludovit"]
[Result "1-0"]
[WhiteElo "2099"]
[BlackElo "1565"]
[PlyCount "109"]
[EventDate "2022.06.23"]
[EventType "swiss"]
[EventRounds "7"]
[EventCountry "SVK"]
[SourceTitle "CBM 209 Extra"]
[Source "ChessBase"]
[SourceDate "2022.09.30"]
[SourceVersion "1"]
[SourceVersionDate "2022.09.30"]
[SourceQuality "1"]

1. e4 e5 2. Nf3 Nc6 3. Bb5 a6 4. Ba4 d6 5. Bxc6+ bxc6 6. d4 Qe7 7. dxe5 dxe5 8. 0-0 Bg4 9. Nbd2 Nf6 10. h3 Bc8 11. Nc4 Nd7 12. Qe1 Qc5 13. b3 f6 14. Be3 Qb4 15. Bd2 Qe7 16. Qe2 Nb6 17. Ne3 g6 18. Rfd1 Bg7 19. Ne1 f5 20. f3 h5 21. Nc4 f4 22. Nd3 Nxc4 23. bxc4 Qg5 24. Nf2 0-0 25. Rab1 Rf7 26. Ba5 Bf8 27. Bb4 c5 28. Ba5 Bd6 29. Be1 Rf8 30. Qd2 Be6 31. Qc3 Rab8 32. Kh1 Rb4 33. Rxb4 cxb4 34. Qd3 Be7 35. Qe2 c5 36. c3 a5 37. cxb4 axb4 38. Qc2 Ra8 39. Nd3 Ra3 40. Rb1 Qf6 41. Rb3 Bd6 42. Rxa3 bxa3 43. Qc3 Qf7 44. Qxa3 Bxc4 45. Nxc5 Bxa2 46. Bf2 Qc4 47. Kh2 Qe2 48. Qa8+ Kh7 49. Qa7+ Kh6 50. Nd7 Bg8 51. Nf6 Qa2 52. Qd7 Qe6 53. Nxg8+ Qxg8 54. Qxd6 Qg7 55. Be1 1-0

[Event "CZE-chT2A 1617"]
[Site "Czech Republic"]
[Date "2017.04.02"]
[Round "11.5"]
[White "Janousek, Petr"]
[Black "Krejcik, Jiri"]
[Result "1/2-1/2"]
[WhiteElo "2125"]
[BlackElo "2151"]
[PlyCount "64"]
[EventDate "2016.10.09"]
[EventType "team-tourn"]
[EventRounds "11"]
[EventCountry "CZE"]
[SourceTitle "EXT 2022"]
[Source "ChessBase"]
[SourceDate "2021.10.06"]
[SourceVersion "1"]
[SourceVersionDate "2021.10.06"]
[SourceQuality "1"]
[WhiteTeam "Kozolupy"]
[BlackTeam "Karlovy Vary Tietz"]
[WhiteTeamCountry "CZE"]
[BlackTeamCountry "CZE"]

1. e4 e5 2. Nf3 Nc6 3. Bb5 a6 4. Ba4 Nf6 5. d4 exd4 6. 0-0 Be7 7. Re1 0-0 8. e5 Ne8 9. c3 dxc3 10. Nxc3 d6 11. exd6 Nxd6 12. Nd5 b5 13. Nd4 Nxd4 14. Nxe7+ Kh8 15. Qxd4 bxa4 16. Nxc8 Qxc8 17. Qxa4 Qb7 18. b3 Qb5 19. Qf4 Rfe8 20. Ba3 Rxe1+ 21. Rxe1 Re8 22. Rxe8+ Qxe8 23. h3 Nb5 24. Bc5 Qd7 25. Qf3 c6 26. Qe2 h6 27. Be3 Nc3 28. Qc2 Nd5 29. Qd3 Qb7 30. Qe4 Qd7 31. Qd3 Qb7 32. Qe4 Qd7 1/2-1/2

[Event "Kouty nad Desnou op-A"]
[Site "Kouty nad Desnou"]
[Date "2017.03.17"]
[Round "8"]
[White "Janousek, Petr"]
[Black "Hlavac, Rudolf"]
[Result "1/2-1/2"]
[WhiteElo "2138"]
[BlackElo "2002"]
[PlyCount "134"]
[EventDate "2017.03.11"]
[EventType "swiss"]
[EventRounds "9"]
[EventCountry "CZE"]
[SourceTitle "CBM 177 Extra"]
[Source "ChessBase"]
[SourceDate "2017.04.27"]
[SourceVersion "1"]
[SourceVersionDate "2017.04.27"]
[SourceQuality "1"]

1. e4 c5 2. Nf3 Nc6 3. d3 d6 4. g3 g6 5. Bg2 Bg7 6. 0-0 Rb8 7. c3 Nf6 8. Re1 e5 9. Nbd2 0-0 10. a3 h6 11. b4 Be6 12. Bb2 Qd7 13. d4 cxd4 14. cxd4 Bg4 15. Nb3 exd4 16. Nbxd4 Ne5 17. Nxe5 dxe5 18. Nf3 Qe6 19. Qd2 Nd7 20. Qe3 Nb6 21. Nd2 Rbc8 22. Rac1 Rfd8 23. f3 Bh3 24. Bxh3 Qxh3 25. Rxc8 Qxc8 26. Rc1 Qd7 27. Nf1 Na4 28. Ba1 b5 29. Re1 Nb6 30. Qe2 Nc4 31. Ne3 Qd3 32. Nd5 Qxa3 33. Rd1 Rf8 34. Kg2 a5 35. bxa5 Qxa5 36. Bc3 Qa7 37. Bb4 Re8 38. Qf2 Ra8 39. Qxa7 Rxa7 40. Rb1 Ra2+ 41. Kh3 Rb2 42. Ra1 Rb3 43. Ra8+ Kh7 44. Rb8 Rxf3 45. Rxb5 Ne3 46. Rb7 Nc2 47. Bc5 h5 48. Rb2 Nd4 49. Kg2 Rd3 50. Rb7 Rd2+ 51. Kf1 Ne6 52. Be3 Rxh2 53. Rxf7 Kg8 54. Rb7 h4 55. gxh4 Rxh4 56. Rb6 Nf4 57. Bxf4 exf4 58. Rxg6 Kf7 59. Ra6 Bd4 60. Kg2 Be3 61. Kf3 Rh5 62. Nxe3 fxe3 63. Kxe3 Ke7 64. Kd4 Kd7 65. e5 Rh1 66. Ra7+ Ke6 67. Ra6+ Ke7 1/2-1/2

[Event "Kouty nad Desnou op-A"]
[Site "Kouty nad Desnou"]
[Date "2017.03.13"]
[Round "4"]
[White "Bares, Jachym"]
[Black "Janousek, Petr"]
[Result "1/2-1/2"]
[WhiteElo "1891"]
[BlackElo "2138"]
[PlyCount "49"]
[EventDate "2017.03.11"]
[EventType "swiss"]
[EventRounds "9"]
[EventCountry "CZE"]
[SourceTitle "CBM 177 Extra"]
[Source "ChessBase"]
[SourceDate "2017.04.27"]
[SourceVersion "1"]
[SourceVersionDate "2017.04.27"]
[SourceQuality "1"]

1. e4 e5 2. Nf3 Nc6 3. Bb5 a6 4. Bxc6 dxc6 5. 0-0 Bg4 6. h3 Bh5 7. d3 Bd6 8. Nbd2 Qf6 9. Nc4 Bxf3 10. Qxf3 Qxf3 11. gxf3 f6 12. f4 exf4 13. Nxd6+ cxd6 14. Bxf4 Kd7 15. Rae1 Re8 16. Bh2 Ne7 17. f4 Ng6 18. f5 Ne5 19. d4 Nf7 20. h4 Re7 21. Re2 Rhe8 22. Rfe1 Nh6 23. Kf1 Ng4 24. Bf4 h5 25. Kg2 1/2-1/2

[Event "OP-2016-0-04227"]
[Site "LSS email"]
[Date "2016.12.12"]
[Round "?"]
[White "Janousek, Petr"]
[Black "Thomae, Eberhard"]
[Result "0-1"]
[WhiteElo "1588"]
[BlackElo "1798"]
[PlyCount "22"]
[EventDate "2016.12.07"]
[EventType "tourn (corr)"]
[EventRounds "4"]
[EventCountry "GER"]
[SourceTitle "Corr 2022"]
[Source "ChessBase"]
[SourceDate "2021.10.24"]
[SourceVersion "1"]
[SourceVersionDate "2021.10.24"]
[SourceQuality "1"]

1. e4 e5 2. Nf3 Nc6 3. Bb5 Nf6 4. 0-0 Nxe4 5. d4 Be7 6. Qe2 Nd6 7. Bxc6 bxc6 8. dxe5 Nf5 9. c4 0-0 10. Nc3 d6 11. Bf4 Re8 0-1

[Event "RE-2016-0-00180"]
[Site "LSS email"]
[Date "2016.11.30"]
[Round "?"]
[White "Courteille, Thierry"]
[Black "Janousek, Petr"]
[Result "0-1"]
[WhiteElo "1405"]
[BlackElo "1722"]
[PlyCount "44"]
[EventDate "2016.08.17"]
[EventType "tourn (corr)"]
[EventRounds "6"]
[EventCountry "GER"]
[SourceTitle "Corr 2022"]
[Source "ChessBase"]
[SourceDate "2021.10.24"]
[SourceVersion "1"]
[SourceVersionDate "2021.10.24"]
[SourceQuality "1"]

1. c4 e5 2. Nc3 Nf6 3. Nf3 Nc6 4. d4 exd4 5. Nxd4 Bb4 6. Nxc6 Bxc3+ 7. bxc3 bxc6 8. Qd4 0-0 9. Bg5 h6 10. Bxf6 Qxf6 11. Qxf6 gxf6 12. Rb1 d6 13. e3 Bf5 14. Rb7 Rfb8 15. Rxc7 c5 16. h3 Rb1+ 17. Ke2 Be4 18. f3 Rb2+ 19. Ke1 Bg6 20. g4 Rab8 21. Rc6 Rxa2 22. Rxd6 Rb1+ 0-1

[Event "Tatry op"]
[Site "Tatranske Zruby"]
[Date "2016.09.29"]
[Round "7"]
[White "Baum, Jonasz"]
[Black "Janousek, Petr"]
[Result "1-0"]
[WhiteElo "1851"]
[BlackElo "2212"]
[PlyCount "65"]
[EventDate "2016.09.24"]
[EventType "swiss"]
[EventRounds "9"]
[EventCountry "SVK"]
[SourceTitle "CBM 174 Extra"]
[Source "ChessBase"]
[SourceDate "2016.10.10"]
[SourceVersion "1"]
[SourceVersionDate "2016.10.10"]
[SourceQuality "1"]

1. e4 e5 2. Nf3 Nc6 3. Bc4 Bc5 4. c3 Nf6 5. d4 exd4 6. e5 d5 7. Bb5 Ne4 8. cxd4 Bb6 9. h3 Bd7 10. Ba4 0-0 11. 0-0 f6 12. Nc3 Ne7 13. Bb3 Nxc3 14. bxc3 f5 15. Ba3 Be6 16. Ng5 Qd7 17. Nxe6 Qxe6 18. Bxe7 Qxe7 19. Bxd5+ Kh8 20. Bxb7 Rad8 21. Bc6 Qe6 22. Qa4 f4 23. Bf3 c5 24. Rad1 cxd4 25. cxd4 Rc8 26. Bg4 Rc4 27. Qa3 Qe8 28. Bd7 Qb8 29. e6 Rxd4 30. Rxd4 Bxd4 31. e7 Rg8 32. Qb3 Qd6 33. Qxg8+ 1-0

[Event "Tatry op"]
[Site "Tatranske Zruby"]
[Date "2016.09.27"]
[Round "5"]
[White "Kopecek, Ivan"]
[Black "Janousek, Petr"]
[Result "0-1"]
[WhiteElo "1882"]
[BlackElo "2212"]
[PlyCount "100"]
[EventDate "2016.09.24"]
[EventType "swiss"]
[EventRounds "9"]
[EventCountry "SVK"]
[SourceTitle "CBM 174 Extra"]
[Source "ChessBase"]
[SourceDate "2016.10.10"]
[SourceVersion "1"]
[SourceVersionDate "2016.10.10"]
[SourceQuality "1"]

1. d4 Nf6 2. Nf3 g6 3. c4 Bg7 4. Nc3 0-0 5. e4 d6 6. Be2 Bg4 7. h3 Bxf3 8. Bxf3 Nfd7 9. 0-0 Nc6 10. Be3 e5 11. d5 Nd4 12. Be2 c5 13. dxc6 bxc6 14. Qd2 Rb8 15. b3 Qa5 16. Rac1 Nc5 17. Rfd1 Nce6 18. Bf1 Rfd8 19. Ne2 Qa3 20. Nc3 a5 21. Na4 Nc5 22. Bxd4 exd4 23. Nxc5 Qxc5 24. Bd3 Rb4 25. Bc2 Rdb8 26. a4 h5 27. Qd3 Qe5 28. Rf1 Bh6 29. Rce1 R4b7 30. g3 c5 31. f4 Qg7 32. e5 dxe5 33. Rxe5 Rc7 34. Rfe1 Qf6 35. Qe4 h4 36. g4 Qxf4 37. Qxf4 Bxf4 38. Re7 Rxe7 39. Rxe7 Rd8 40. Bd3 Rb8 41. Bc2 d3 42. Bxd3 Rxb3 43. Be4 Re3 44. Re8+ Kg7 45. Bc6 Rxh3 46. Ra8 Rg3+ 47. Kh1 h3 48. Rxa5 Rc3 49. Kg1 Bg3 50. Kf1 Re3 0-1

[Event "CZE-chT2A 1516"]
[Site "Czech Republic"]
[Date "2016.02.21"]
[Round "8.7"]
[White "Janousek, Petr"]
[Black "Cuhra, Martin"]
[Result "1-0"]
[WhiteElo "2204"]
[BlackElo "2129"]
[PlyCount "75"]
[EventDate "2015.10.18"]
[EventType "team-tourn"]
[EventRounds "11"]
[EventCountry "CZE"]
[SourceTitle "EXT 2022"]
[Source "ChessBase"]
[SourceDate "2021.10.06"]
[SourceVersion "1"]
[SourceVersionDate "2021.10.06"]
[SourceQuality "1"]
[WhiteTeam "Kozolupy"]
[BlackTeam "Praha Oaza"]
[WhiteTeamCountry "CZE"]
[BlackTeamCountry "CZE"]

1. e4 e5 2. Nf3 Nc6 3. Bb5 Nge7 4. 0-0 d6 5. d4 Bd7 6. d5 Nb8 7. Bxd7+ Nxd7 8. c4 Ng6 9. Nc3 Be7 10. Be3 0-0 11. Qc2 h6 12. b4 Nf6 13. Rac1 Ng4 14. Bd2 Qd7 15. h3 Nf6 16. Ne2 Nh5 17. c5 f5 18. Ng3 Nxg3 19. fxg3 Rac8 20. Qc4 Qe8 21. exf5 Rxf5 22. Qg4 Rf8 23. Be3 Kh7 24. Qe4 b6 25. cxd6 cxd6 26. Rxc8 Qxc8 27. Rc1 Qf5 28. Qxf5 Rxf5 29. g4 Rf8 30. Rc7 Bf6 31. Rxa7 Rc8 32. g5 hxg5 33. Bxg5 Bxg5 34. Nxg5+ Kh6 35. Nf7+ Kh5 36. Nxd6 Rc2 37. Ne4 Kh6 38. d6 1-0

[Event "CZE-chT2A 1516"]
[Site "Czech Republic"]
[Date "2016.01.24"]
[Round "6.8"]
[White "Bicek, Richard"]
[Black "Janousek, Petr"]
[Result "0-1"]
[WhiteElo "2033"]
[BlackElo "2204"]
[PlyCount "206"]
[EventDate "2015.10.18"]
[EventType "team-tourn"]
[EventRounds "11"]
[EventCountry "CZE"]
[SourceTitle "EXT 2022"]
[Source "ChessBase"]
[SourceDate "2021.10.06"]
[SourceVersion "1"]
[SourceVersionDate "2021.10.06"]
[SourceQuality "1"]
[WhiteTeam "Karlovy Vary Tietz"]
[BlackTeam "Kozolupy"]
[WhiteTeamCountry "CZE"]
[BlackTeamCountry "CZE"]

1. e4 e5 2. Nf3 Nc6 3. d4 exd4 4. Nxd4 Bc5 5. Be3 Qf6 6. Nb5 Bxe3 7. fxe3 Qh4+ 8. g3 Qd8 9. Qg4 g6 10. Qf4 d6 11. Bc4 Be6 12. Bxe6 fxe6 13. 0-0 Kd7 14. N1a3 g5 15. Qf7+ Qe7 16. Qh5 Nf6 17. Qxg5 Raf8 18. Rf4 Rhg8 19. Qh4 Ne5 20. Qh3 Ng6 21. Rf2 Nxe4 22. Rxf8 Rxf8 23. Rf1 Rxf1+ 24. Qxf1 Ne5 25. Qf4 Ng5 26. Qa4 c6 27. Qxa7 cxb5 28. Qxb7+ Ke8 29. Qxb5+ Kf7 30. Nc4 Nxc4 31. Qxc4 Qb7 32. h4 Ne4 33. Qf1+ Ke7 34. Qf4 d5 35. Qe5 Qb6 36. Qg7+ Kd6 37. Qf8+ Kd7 38. Qf7+ Kd6 39. Qf8+ Kd7 40. Qf7+ Kd8 41. Qf8+ Kc7 42. Qe7+ Kb8 43. Qe8+ Kb7 44. Qd7+ Qc7 45. Qb5+ Ka7 46. Qa4+ Kb6 47. Qb4+ Kc6 48. Qa4+ Kd6 49. Qe8 Kc5 50. Qf8+ Kc4 51. Qf4 Qxf4 52. gxf4 Ng3 53. Kf2 Nf5 54. h5 Ng7 55. c3 Nxh5 56. Kf3 Nf6 57. a4 Ne4 58. f5 exf5 59. Kf4 Nd6 60. Ke5 h5 61. Kxd6 h4 62. b3+ Kxc3 63. a5 d4 64. a6 d3 65. a7 d2 66. a8Q d1Q+ 67. Ke5 Qg4 68. Qa1+ Kxb3 69. Qb1+ Kc3 70. Qc1+ Kd3 71. Kf6 h3 72. Qf1+ Kxe3 73. Qe1+ Kf3 74. Qf1+ Ke4 75. Qb1+ Kd5 76. Qb7+ Kd4 77. Qb2+ Ke4 78. Qb1+ Kf3 79. Qf1+ Kg3 80. Qg1+ Kf3 81. Qf1+ Ke3 82. Qe1+ Qe2 83. Qg3+ Qf3 84. Qe1+ Kd4 85. Qb4+ Kd3 86. Qb5+ Ke3 87. Qe5+ Kf2 88. Qd4+ Kf1 89. Qc4+ Kg2 90. Qc2+ Kg3 91. Qc7+ Qf4 92. Qc3+ Kg4 93. Qc2 Qd6+ 94. Kf7 f4 95. Qf2 f3 96. Qg1+ Qg3 97. Qd1 Qf4+ 98. Kg6 h2 99. Qe1 Qd6+ 100. Kf7 Qd5+ 101. Kf6 Qg5+ 102. Kf7 Qh5+ 103. Kf6 Qh4+ 0-1

[Event "BI-2015-P-0000"]
[Site "LSS email"]
[Date "2015.04.16"]
[Round "?"]
[White "Basson, Heinrich"]
[Black "Janousek, Petr"]
[Result "1-0"]
[WhiteElo "1379"]
[BlackElo "1724"]
[PlyCount "37"]
[EventDate "2015.04.22"]
[EventType "tourn (corr)"]
[EventRounds "10"]
[EventCountry "GER"]
[SourceTitle "Corr 2022"]
[Source "ChessBase"]
[SourceDate "2021.10.24"]
[SourceVersion "1"]
[SourceVersionDate "2021.10.24"]
[SourceQuality "1"]

1. Nf3 d5 2. g3 Nf6 3. Bg2 Bg4 4. 0-0 c6 5. d3 Nbd7 6. Nbd2 e5 7. h3 Bh5 8. c4 d4 9. a3 a5 10. Rb1 a4 11. b3 axb3 12. Qxb3 Nc5 13. Qc2 Nfd7 14. Nb3 Bd6 15. Nxc5 Nxc5 16. Bb2 0-0 17. e3 Bxf3 18. Bxf3 dxe3 19. fxe3 1-0

[Event "BI-2015-P-0000"]
[Site "LSS email"]
[Date "2015.04.16"]
[Round "?"]
[White "Janousek, Petr"]
[Black "Wittal, Werner"]
[Result "0-1"]
[WhiteElo "1724"]
[BlackElo "2011"]
[PlyCount "46"]
[EventDate "2015.04.22"]
[EventType "tourn (corr)"]
[EventRounds "10"]
[EventCountry "GER"]
[SourceTitle "Corr 2022"]
[Source "ChessBase"]
[SourceDate "2021.10.24"]
[SourceVersion "1"]
[SourceVersionDate "2021.10.24"]
[SourceQuality "1"]

1. e4 e5 2. Nf3 Nc6 3. Bb5 a6 4. Bxc6 dxc6 5. 0-0 Qf6 6. d4 exd4 7. Bg5 Qd6 8. Nxd4 Be7 9. Bxe7 Nxe7 10. Nc3 Bd7 11. Nb3 Qxd1 12. Raxd1 b6 13. Rfe1 0-0-0 14. Nd2 Be6 15. f4 Bg4 16. Nf3 Bxf3 17. gxf3 c5 18. Kf2 Rd4 19. Ne2 Rxd1 20. Rxd1 Rd8 21. Rxd8+ Kxd8 22. Ng3 g6 23. b3 Nc6 0-1

[Event "BI-2015-P-0000"]
[Site "LSS email"]
[Date "2015.04.16"]
[Round "?"]
[White "Krueger, Hilmar"]
[Black "Janousek, Petr"]
[Result "1-0"]
[WhiteElo "2273"]
[BlackElo "1724"]
[PlyCount "43"]
[EventDate "2015.04.22"]
[EventType "tourn (corr)"]
[EventRounds "10"]
[EventCountry "GER"]
[SourceTitle "Corr 2022"]
[Source "ChessBase"]
[SourceDate "2021.10.24"]
[SourceVersion "1"]
[SourceVersionDate "2021.10.24"]
[SourceQuality "1"]

1. e4 c6 2. d4 d5 3. Nc3 dxe4 4. Nxe4 Bf5 5. Ng3 Bg6 6. Nf3 Nd7 7. h4 h6 8. h5 Bh7 9. Bd3 Bxd3 10. Qxd3 e6 11. Bf4 Qa5+ 12. Bd2 Qc7 13. 0-0-0 Ngf6 14. Ne4 0-0-0 15. g3 Nxe4 16. Qxe4 Nf6 17. Qe2 Bd6 18. c4 c5 19. Bc3 cxd4 20. Rxd4 Rd7 21. Kb1 Qc5 22. g4 1-0

[Event "SD-2015-0-00220"]
[Site "LSS email"]
[Date "2015.04.07"]
[Round "?"]
[White "Csernus, Robert"]
[Black "Janousek, Petr"]
[Result "1/2-1/2"]
[WhiteElo "1613"]
[BlackElo "1715"]
[PlyCount "61"]
[EventDate "2015.02.24"]
[EventType "tourn (corr)"]
[EventRounds "6"]
[EventCountry "GER"]
[SourceTitle "Corr 2022"]
[Source "ChessBase"]
[SourceDate "2021.10.24"]
[SourceVersion "1"]
[SourceVersionDate "2021.10.24"]
[SourceQuality "1"]

1. Nf3 d5 2. g3 Nf6 3. Bg2 c6 4. 0-0 Bg4 5. c4 dxc4 6. Na3 Be6 7. Ng5 Bd5 8. e4 h6 9. exd5 hxg5 10. dxc6 Nxc6 11. Nxc4 e6 12. d4 Nd5 13. Ne3 Be7 14. Nxd5 exd5 15. Qb3 Qd7 16. Qxd5 Qxd5 17. Bxd5 Nxd4 18. Be3 Nf5 19. Bxb7 Nxe3 20. Bxa8 Nxf1 21. Bc6+ Kd8 22. Rxf1 Rh6 23. Rc1 Rd6 24. Rc2 g4 25. b4 Rd1+ 26. Kg2 Bxb4 27. Rc4 Be7 28. Ba4 Rd2 29. Rxg4 Bc5 30. Rf4 Rxa2 31. Bb3 1/2-1/2

[Event "CZE-chT2A 1415"]
[Site "Czech Republic"]
[Date "2015.03.15"]
[Round "9.3"]
[White "Sperl, Hynek"]
[Black "Janousek, Petr"]
[Result "0-1"]
[WhiteElo "2043"]
[BlackElo "2183"]
[PlyCount "90"]
[EventDate "2014.11.02"]
[EventType "team-tourn"]
[EventRounds "11"]
[EventCountry "CZE"]
[SourceTitle "EXT 2022"]
[Source "ChessBase"]
[SourceDate "2021.10.06"]
[SourceVersion "1"]
[SourceVersionDate "2021.10.06"]
[SourceQuality "1"]
[WhiteTeam "Tachov"]
[BlackTeam "Kozolupy"]
[WhiteTeamCountry "CZE"]
[BlackTeamCountry "CZE"]

1. d4 d5 2. Nf3 c5 3. dxc5 e6 4. e3 Bxc5 5. c4 Nf6 6. Nc3 Nc6 7. cxd5 exd5 8. Be2 0-0 9. 0-0 a6 10. a3 Ba7 11. b4 Re8 12. Bb2 Qd6 13. Na4 Ne4 14. Bd4 Nxd4 15. Nxd4 Bb8 16. Nf3 Bg4 17. g3 b5 18. Nc5 Nxc5 19. bxc5 Qxc5 20. Nd4 Bxe2 21. Nxe2 Be5 22. Nd4 Bxd4 23. exd4 Qc3 24. Qh5 Qxd4 25. Rad1 Qe5 26. Rxd5 Qxh5 27. Rxh5 g6 28. Rd5 Rad8 29. Rfd1 Rxd5 30. Rxd5 Rb8 31. Kf1 a5 32. Ke2 b4 33. axb4 axb4 34. Kd2 b3 35. Kc1 Rc8+ 36. Kb1 Rc2 37. f4 Rxh2 38. Rb5 b2 39. Rxb2 Rxb2+ 40. Kxb2 Kg7 41. Kc3 Kf6 42. Kd4 Kf5 43. Ke3 Kg4 44. Kf2 h5 45. Kg2 h4 0-1

[Event "CZE-chT2A 1415"]
[Site "Czech Republic"]
[Date "2015.02.22"]
[Round "8.7"]
[White "Janousek, Petr"]
[Black "Dvorak, Jan"]
[Result "1-0"]
[WhiteElo "2183"]
[BlackElo "2197"]
[PlyCount "43"]
[EventDate "2014.11.02"]
[EventType "team-tourn"]
[EventRounds "11"]
[EventCountry "CZE"]
[SourceTitle "EXT 2022"]
[Source "ChessBase"]
[SourceDate "2021.10.06"]
[SourceVersion "1"]
[SourceVersionDate "2021.10.06"]
[SourceQuality "1"]
[WhiteTeam "Kozolupy"]
[BlackTeam "Praha Kobylisy"]
[WhiteTeamCountry "CZE"]
[BlackTeamCountry "CZE"]

1. e4 e6 2. d4 d5 3. e5 c5 4. c3 Bd7 5. Nf3 Qb6 6. a3 Bb5 7. c4 Bxc4 8. Bxc4 dxc4 9. d5 Ne7 10. d6 Ng6 11. 0-0 Nd7 12. Qe2 Qb3 13. Nc3 h6 14. h4 0-0-0 15. h5 Ngxe5 16. Nxe5 Nxe5 17. Qxe5 Qb6 18. Qf4 Bxd6 19. Qxc4 Bc7 20. Be3 Qd6 21. g3 b6 22. Qa6+ 1-0

[Event "CZE-chT2A 1415"]
[Site "Czech Republic"]
[Date "2015.02.08"]
[Round "7.7"]
[White "Bicek, Richard"]
[Black "Janousek, Petr"]
[Result "0-1"]
[WhiteElo "2005"]
[BlackElo "2183"]
[PlyCount "74"]
[EventDate "2014.11.02"]
[EventType "team-tourn"]
[EventRounds "11"]
[EventCountry "CZE"]
[SourceTitle "EXT 2022"]
[Source "ChessBase"]
[SourceDate "2021.10.06"]
[SourceVersion "1"]
[SourceVersionDate "2021.10.06"]
[SourceQuality "1"]
[WhiteTeam "Karlovy Vary II"]
[BlackTeam "Kozolupy"]
[WhiteTeamCountry "CZE"]
[BlackTeamCountry "CZE"]

1. e4 e5 2. Nf3 Nc6 3. d4 exd4 4. Nxd4 Bc5 5. Be3 Qf6 6. c3 Qg6 7. Nd2 Nf6 8. Be2 Bxd4 9. cxd4 d5 10. e5 Ng4 11. Bf3 Nxe3 12. fxe3 Qg5 13. Qe2 Be6 14. 0-0 0-0 15. Rac1 Rac8 16. Rc5 Ne7 17. e4 c6 18. Rfc1 Rfd8 19. b4 a6 20. a4 Qh6 21. Qf2 Rb8 22. R5c3 dxe4 23. Bxe4 Nd5 24. Rb3 Nf4 25. Rf3 Nd5 26. b5 axb5 27. axb5 cxb5 28. Rc5 Rbc8 29. Rxc8 Rxc8 30. h3 b4 31. Rb3 Qh5 32. Bf3 Qg5 33. Ne4 Rc1+ 34. Kh2 Qf4+ 35. g3 Qh6 36. Bg2 Nf4 37. Rxb4 Nxh3 0-1

[Event "CZE-chT2A 1415"]
[Site "Czech Republic"]
[Date "2015.01.11"]
[Round "5.8"]
[White "Janousek, Petr"]
[Black "Pesr, Jaromir"]
[Result "1/2-1/2"]
[WhiteElo "2183"]
[BlackElo "2042"]
[PlyCount "97"]
[EventDate "2014.11.02"]
[EventType "team-tourn"]
[EventRounds "11"]
[EventCountry "CZE"]
[SourceTitle "EXT 2022"]
[Source "ChessBase"]
[SourceDate "2021.10.06"]
[SourceVersion "1"]
[SourceVersionDate "2021.10.06"]
[SourceQuality "1"]
[WhiteTeam "Kozolupy"]
[BlackTeam "Praha Dopravni podnik"]
[WhiteTeamCountry "CZE"]
[BlackTeamCountry "CZE"]

1. e4 d5 2. exd5 Qxd5 3. Nc3 Qd6 4. d4 Nf6 5. Bd3 c6 6. Nge2 Bg4 7. Bf4 Qxf4 8. Nxf4 Bxd1 9. Rxd1 e6 10. 0-0 Bd6 11. Nfe2 Nbd7 12. Ne4 Nxe4 13. Bxe4 Nf6 14. Bf3 0-0 15. Nc1 Rad8 16. Nd3 Rfe8 17. g3 Kf8 18. Rfe1 Re7 19. a3 Rc7 20. c3 g6 21. Kg2 Be7 22. h4 h5 23. Kf1 Ne8 24. Nf4 Ng7 25. Kg2 Bd6 26. Nd3 Nf5 27. Ne5 Bxe5 28. Rxe5 Nd6 29. Be2 Nf5 30. Bd3 Ne7 31. f3 Rd5 32. Be4 Rd6 33. Bc2 Nd5 34. Kf2 Nb6 35. Bb3 Nd7 36. Ree1 c5 37. dxc5 Rxd1 38. Rxd1 Nxc5 39. Bc2 Ke7 40. Ke3 Nd7 41. Be4 f5 42. Bc2 e5 43. Rd5 b6 44. Bd1 Ke6 45. Bb3 Ke7 46. Ba2 Rc5 47. Rd3 Nf6 48. Rd1 Rc7 49. Bb3 1/2-1/2

[Event "OP-2014-0-03591"]
[Site "LSS email"]
[Date "2014.12.21"]
[Round "?"]
[White "Janousek, Petr"]
[Black "Firnhaber, Ingo"]
[Result "0-1"]
[WhiteElo "1517"]
[BlackElo "2414"]
[PlyCount "58"]
[EventDate "2014.12.16"]
[EventType "tourn (corr)"]
[EventRounds "4"]
[EventCountry "GER"]
[SourceTitle "Corr 2015"]
[Source "ChessBase"]
[SourceDate "2015.07.17"]
[SourceVersion "1"]
[SourceVersionDate "2015.07.17"]
[SourceQuality "1"]

1. e4 e5 2. Nf3 Nc6 3. Bc4 Bc5 4. c3 Nf6 5. d3 a6 6. Nbd2 b5 7. Bd5 Nxd5 8. exd5 Ne7 9. Nxe5 0-0 10. Ne4 Ba7 11. Qb3 Bb7 12. d6 cxd6 13. Ng4 d5 14. Nd6 Bc6 15. Qa3 Ng6 16. 0-0 f5 17. Ne3 Nh4 18. g3 f4 19. Ng4 Qg5 20. h3 Nf3+ 21. Kg2 h5 22. Kxf3 hxg4+ 23. hxg4 fxg3+ 24. Kxg3 Qe5+ 25. f4 Qe2 26. Rf3 Bg1 27. g5 Bh2+ 28. Kh3 Qxf3+ 29. Kxh2 Rae8 0-1

[Event "OP-2014-0-03591"]
[Site "LSS email"]
[Date "2014.12.21"]
[Round "?"]
[White "Janousek, Petr"]
[Black "Linga, Venu Gopal"]
[Result "1-0"]
[WhiteElo "1517"]
[BlackElo "753"]
[PlyCount "51"]
[EventDate "2014.12.16"]
[EventType "tourn (corr)"]
[EventRounds "4"]
[EventCountry "GER"]
[SourceTitle "Corr 2015"]
[Source "ChessBase"]
[SourceDate "2015.07.17"]
[SourceVersion "1"]
[SourceVersionDate "2015.07.17"]
[SourceQuality "1"]

1. e4 e5 2. Nf3 Nc6 3. Bc4 h6 4. Nc3 Nf6 5. Qe2 d6 6. d3 Be6 7. Bxe6 fxe6 8. Be3 Qd7 9. d4 exd4 10. Nxd4 Nxd4 11. Bxd4 e5 12. Be3 a6 13. Nd5 Nxd5 14. exd5 0-0-0 15. 0-0 Qb5 16. c4 Qd7 17. b4 Be7 18. b5 a5 19. b6 cxb6 20. Rab1 Rdf8 21. Rxb6 Bd8 22. Rb5 g5 23. c5 dxc5 24. Qc4 b6 25. Rfb1 Rf6 26. Bxc5 1-0